| 000 | 00796nam1a22002171i 4500 | ||
|---|---|---|---|
| 001 | rc\2995313 | ||
| 005 | 20260407015300.0 | ||
| 035 | _a(NLR Aleph) 007139077 | ||
| 090 |
_a7036927 _c7036927 |
||
| 100 | _a20110916d1935 |||y0rusy50 ca | ||
| 101 | 0 | _arus | |
| 102 | _aRU | ||
| 105 | _ay z ||||| | ||
| 200 | 1 |
_aЦенник отпускных номенклатурных цен на топливо, материалы и запасные части [паровозов и вагонов] _fДон. жел. дор. |
|
| 210 |
_aАртемовск _aХарьков _cБ. и. _d1935 |
||
| 215 | _d22 см | ||
| 710 | 0 | 2 |
_aДонецкие железные дороги _9504848 _3RU\NLR\AUTH\8810003778 |
| 801 | 0 |
_aRU _bNLR _gpsbo |
|
| 801 | 1 |
_aRU _bELAR _2rusmarc |
|
| 852 |
_aNLR _j35-17/81(2) |
||
| 942 | _cBOOK | ||